00317pab a2200121 454500008004000000100001900040245004900059260000900108300001300117362001100130650002000141773003400161180718b2015 xxu||||| |||| 00| 0 eng d aBhardwaj, Atul aGuarding the e-treasury from cyber companies c2015 ap.10-12. a24 Oct aData protection aEconomic and Political Weekly